Islām ke ghāzī Yūrap men̲. (Record no. 62913)

MARC details
000 -LEADER
fixed length control field 00554cam a22002171 4500
001 - CONTROL NUMBER
control field sa 65003001
003 - CONTROL NUMBER IDENTIFIER
control field DLC
005 - DATE AND TIME OF LATEST TRANSACTION
control field 20260227112120.0
008 - FIXED-LENGTH DATA ELEMENTS--GENERAL INFORMATION
fixed length control field 890907q19601965pk 000 0 urdr
010 ## - LIBRARY OF CONGRESS CONTROL NUMBER
LC control number sa 65003001
035 ## - SYSTEM CONTROL NUMBER
System control number (OCoLC)20311614
040 ## - CATALOGING SOURCE
Original cataloging agency DLC
Transcribing agency WaU
Modifying agency DLC
043 ## - GEOGRAPHIC AREA CODE
Geographic area code e------
050 00 - LIBRARY OF CONGRESS CALL NUMBER
Classification number D199.7
Item number .J3
100 1# - MAIN ENTRY--PERSONAL NAME
Personal name Jaʻfrī, Raʼīs Aḥmad,
Dates associated with a name 1912-1968.
245 10 - TITLE STATEMENT
Title Islām ke ghāzī Yūrap men̲.
260 ## - PUBLICATION, DISTRIBUTION, ETC.
Place of publication, distribution, etc. Lahore,
Date of publication, distribution, etc. [196-]
300 ## - PHYSICAL DESCRIPTION
Extent 228 p.
Dimensions 21 cm.
546 ## - LANGUAGE NOTE
Language note In Urdu.
650 #0 - SUBJECT ADDED ENTRY--TOPICAL TERM
Topical term or geographic name entry element Muslims
Geographic subdivision Europe
General subdivision History.

No items available.

Powered by Koha